| 000 | 00753pam a2200229 a 4500 | ||
|---|---|---|---|
| 001 | 615819 | ||
| 005 | 20180315101032.0 | ||
| 008 | 920707s1993 caua b 001 0 eng | ||
| 010 | _a 92026208 | ||
| 020 | _a0534179940 (acidfree paper) | ||
| 040 |
_aDLC _cDLC _dDLC |
||
| 041 | _aeng | ||
| 080 | _a658.45 HAM | ||
| 082 | 0 | 0 |
_a658.45 HAM _220 |
| 100 | 1 | _a57 | |
| 101 | _aBIZ | ||
| 245 | 1 | 0 |
_aCommunicating for results : _cCheryl Hamilton with Cordell Parker. |
| 504 | _aIncludes bibliographical references and index. | ||
| 906 |
_a7 _bcbc _corignew _d1 _eocip _f19 _gy-gencatlg |
||
| 942 |
_2ddc _cBK |
||
| 999 |
_c45175 _d45175 |
||